000
00225nam a2200097Ia 4500
008
240331s9999 xx 000 0 und d
082
_b
BAL
100
_a
Balasundaram, Franklin J
245
0
_a
Women's concern in Asia
942
_c
L
999
_c
1862
_d
1862